| 000 | 00704nam a22001937a 4500 | ||
|---|---|---|---|
| 999 |
_c372206 _d372206 |
||
| 008 | 201127b ||||| |||| 00| 0 eng d | ||
| 040 |
_aDE-2950 _bger _cDE-2950 _erda |
||
| 041 | _ager | ||
| 245 |
_aCallcenter in Markendorf ist insolvent _bTegece. 230 Mitarbeiter hat das Unternehmen Tricontes360 am Frankfurter Standort - der weitergeführt wird/ _csam |
||
| 264 | _c2023 | ||
| 653 | _aFrankfurt (Oder) | ||
| 653 | _aCallcenter | ||
| 653 | _aInsolvenz | ||
| 773 |
_dFrankfurt (Oder) Märkisches Verlags- und Druckhaus GmbH & Co KG _tMärkische Oderzeitung _g34. Jahrgang (2023) Nr. 32 vom 07.02.2023, S.13: |
||
| 942 | _cA | ||